Least Populated Capital Cities - Statistics

General Stats
  • This quiz has been taken 40 times
  • The average score is 9 of 15
Answer Stats
Population Answer % Correct
801 Vatican City
94%
4,465 San Marino
86%
5,470 Vaduz
74%
22,614 Andorra la Vella
63%
22,258 Castries
63%
7,042 Funafuti
63%
810 Yaren
63%
271 Ngerulmud
60%
22,904 Nuku'alofa
57%
20,764 Saint John's
57%
14,434 Basseterre
54%
6,996 Palikir
54%
14,942 Roseau
54%
22,964 Belmopan
34%
26,636 Kingstown
34%
No matching quizzes found
Score Distribution
Percent of People with Each Score
Percentile by Number Answered
Your Score History
You have not taken this quiz